The architects' handbook (Record no. 101924)
[ view plain ]
| 000 -LEADER | |
|---|---|
| fixed length control field | 01018cam a2200229 4500 |
| 008 - FIXED-LENGTH DATA ELEMENTS--GENERAL INFORMATION | |
| fixed length control field | 020301n2002 000 0 eng u |
| 020 ## - INTERNATIONAL STANDARD BOOK NUMBER | |
| International Standard Book Number | 0632039256 |
| 035 ## - SYSTEM CONTROL NUMBER | |
| System control number | (Sirsi) u116933 |
| 041 ## - LANGUAGE CODE | |
| Language code of text/sound track or separate title | eng. |
| 050 ## - LIBRARY OF CONGRESS CALL NUMBER | |
| Classification number | 720 |
| 100 ## - MAIN ENTRY--PERSONAL NAME | |
| Personal name | Pickard, Q. |
| -- | Editor |
| 245 #4 - TITLE STATEMENT | |
| Title | The architects' handbook |
| 260 ## - PUBLICATION, DISTRIBUTION, ETC. | |
| Place of publication, distribution, etc. | Oxford |
| Name of publisher, distributor, etc. | Blackwell |
| Date of publication, distribution, etc. | 2002 |
| 300 ## - PHYSICAL DESCRIPTION | |
| Extent | ix,454p. |
| Dimensions | 31cm. |
| 350 ## - PRICE (NR) (BK AM CF MU VM SE) [OBSOLETE] | |
| Price | 59.50 |
| 520 ## - SUMMARY, ETC. | |
| Summary, etc. | Provides a comprehensive range of visual and technical information covering the great majority of building types (from airports to zoos) that are likely to be encountered by architects, designers, building surveyors and others involved in the construction industry. Contains basic design guidance, and features over 300 case studies. Also includes sections on designing for accessibility, drawing practice, and metric and imperial conversion tables. |
| 650 ## - SUBJECT ADDED ENTRY--TOPICAL TERM | |
| Topical term or geographic name entry element | ARCHITECTURE |
| 650 ## - SUBJECT ADDED ENTRY--TOPICAL TERM | |
| Topical term or geographic name entry element | DESIGN GUIDANCE |
| 650 ## - SUBJECT ADDED ENTRY--TOPICAL TERM | |
| Topical term or geographic name entry element | TECHNICAL STANDARDS |
| 690 ## - LOCAL SUBJECT ADDED ENTRY--TOPICAL TERM (OCLC, RLIN) | |
| Topical term or geographic name as entry element | BUILT ENVIRONMENT-CONSTRUCTION DESIGN |
| 942 ## - ADDED ENTRY ELEMENTS (KOHA) | |
| Suppress in OPAC | 0 |
| Withdrawn status | Lost status | Source of classification or shelving scheme | Damaged status | Not for loan | Home library | Current library | Shelving location | Date acquired | Cost, normal purchase price | Total Checkouts | Full call number | Barcode | Date last seen | Date last checked out | Copy number | Cost, replacement price | Price effective from | Koha item type |
|---|---|---|---|---|---|---|---|---|---|---|---|---|---|---|---|---|---|---|
| Dewey Decimal Classification | London | London | Folio | 18/04/2002 | 50.57 | 17 | F720 PIC | 30065681 | 06/08/2019 | 28/09/2009 | 1 | 50.57 | 06/08/2019 | Book |